000 00989nam a2200265Ia 4500
003 OSt
005 20221005111047.0
006 a|||||r|||| 00| 0
007 ta
008 221004b |||||||| |||| 00| 0 hin d
020 _a8171199747 (hbk)
_c150
024 _a20098
037 _bSP/3820, 25/03/2015, Star Publications Pvt. Ltd.
_cTextual
040 _aCRL
_cCRL
_bhin
041 _2hin
_ahin
082 _aO152,1N177:g, Q4
100 _aऋतुपर्ण, सुरेश
245 0 _aमुक्तिबोध की काव्य - सृष्टि
246 _aMuktibodh kī kāvya - sṛuṣhṭi
260 _aनई दिल्ली
_bराधाकृष्ण भारत
_c2004
300 _a127पृ0
_ccm.
650 _aहिन्दी साहित्य
942 _hO152,1N177:g, Q4
_cTEXL
_2cc
999 _c1020681
_d1020681